Регионална библиотека "Любен Каравелов" - Русе

Функции и роля на парите у нас (Запис номер 39153)

MARC детайли
000 -Лидер
Контролно поле с фиксирана дължина 00975nam a2200289 c 4500
003 - Код на организацията, давaща контролен номер
Контролно поле BLK
005 - Дата и час на последна редакция
Контролно поле 20180422100637.0
008 - Елементи от данни с фиксирана дължина
fixed length control field 180408b bul|||||r ||||||| ||bul||
010 ## - Наследен системен номер
LC control number KNG00042459000
040 ## - Източник на каталожния запис
Идентификатор на билиотеката - собственик на записа BLK
041 ## - Код за език
Код за езика на текст/звукозапис или на отделно заглавие Български
Код за езика КДБФ Български
080 ## - УДК
Текстов определител УДК Финанси. Митническо дело. Банково дело. Пари
УДК код - определител по УДК 336
УДК определител
УДК - код + определител 336
100 1# - Редна дума - Автор
Автор Вельов, Михаил А.
Авторска отговорност първи автор
R(LIN) 367507
139 ## - Редно поле
Редна дума Вельов, Михаил А.
Авторски знак Вельо - В 45
245 10 - Сведения за заглавието
Заглавие Функции и роля на парите у нас
Редно поле (дума) Михаил А. Вельов.
257 ## - Страна на издаване
Страна на създаване/издаване България
260 ## - Област на издателските данни
-- София
Име на издателя, разпространителя и проч. БКП
Година на издаване 1952
300 ## - Физическа характеристика
Страници 75 с.
Размери/Мащаб 20 см
380 ## - Жанр
Жанр Обществени науки
650 #4 - Допълнително описание по предмет – тема
Основно описание – тема или топоним Пари и парично обръщение - теория
9 (RLIN) 259363
653 ## - Ключова дума – ненормативна
Ключова дума пари
852 ## - Местоположение
Форматна сигнатура Цб 365
856 4# - Електронен адрес и достъп
Електронен формат pdf - файл
Път до файла /url/
856 4# - Електронен адрес и достъп
Електронен формат pdf - файл
Път до файла /url/
942 ## - АРТИКУЛИ
Вид на библиотечния материал Книги
Скрит в OPAC Не
944 ## - СЪЗДАВАНЕ И РЕДАКЦИЯ на ЗАПИСА
Създаване/Редакция Създаване
Дата на регистрацията/редакция 29.08.2016
Служител, извършил регистрацията/редакцията Теодора_Стоянова
944 ## - СЪЗДАВАНЕ И РЕДАКЦИЯ на ЗАПИСА
Създаване/Редакция Редакция
Дата на регистрацията/редакция 29.08.2016
Служител, извършил регистрацията/редакцията Теодора_Стоянова
999 ## - СИСТЕМНИ КОНТРОЛНИ НОМЕРА
Koha biblionumber 39153
Koha biblioitemnumber 39153
Наличности
Код за отписване Код за изгубен артикул Източник на класификационната схема Код за повреда Коз за рестрикции Код за отдаване Артикулен № Име на библиотеката - собственик Име на библиотеката, в която се намира в момента Статус (Текущо местоположение) Дата на вписване в системата Местоположение - отдел Цена в лева Инвентарен номер Систематично азбучна сигнатура Баркод Номер на екземпляра Цена в евро Служебна бележка Служебен тип на артикула
  Не е изгубен Universal Decimal Classification Не е повреден без рестрикции ползва се в читалня 61363 Регионална библиотека "Любен Каравелов" Русе Регионална библиотека "Любен Каравелов" Русе Хранилище 1952-01-01 Основен фонд - ползва се само за читалня 0.18 482/53 Цб 365 900000049154 1 0.09 Вид: Сф Дата: 01.01.1952 Книги
Изтеглен Не е изгубен Universal Decimal Classification Не е повреден без рестрикции заемане за дома 61364 Регионална библиотека "Любен Каравелов" Русе Регионална библиотека "Любен Каравелов" Русе Заемна - подръчен фонд 1952-01-01 Заемна - подръчен фонд 0.00 483/53 П 336/В 45 483/53 2 0.00 Вид: Сф Дата: 01.01.1952 Книги
Vip Innovations Ltd, Rousse, Bulgaria 2025